| 000 | 00714nam a2200253 a 4500 | ||
|---|---|---|---|
| 001 | BRCA_5616 | ||
| 005 | 20190320205144.0 | ||
| 008 | 210211s1922----gw-a######---#001-0#ger-# | ||
| 041 | _ager | ||
| 044 | _agw | ||
| 050 | 4 |
_aN3490 _b.M39 1922 |
|
| 100 | 1 |
_aMayer, A. L. _914314 |
|
| 245 | 1 | 0 |
_aMittelalterliche Plastik in Spanien _cA. L. Mayer. |
| 260 |
_aMunich _bDelphin _c1922 |
||
| 300 |
_a29 p. _bil., 40 láminas _c34 cm. |
||
| 500 | _aIncluye índice onomástico | ||
| 500 | _aEstado físico: tapas desprendidas | ||
| 500 | _aF94 | ||
| 650 | 1 | 4 |
_aEscultura medieval _zEspaña _94236 |
| 650 | 1 | 4 |
_aArtistas españoles _914315 |
| 650 | 1 | 4 |
_aArte medieval _zEspaña _912982 |
| 902 | _aGFM | ||
| 942 |
_2lcc _cB |
||
| 999 |
_c5310 _d5310 |
||